[Event "CZE-ch U10"]
[Site "Kouty nad Desnou"]
[Date "2024.03.16"]
[Round "9"]
[White "Bukovskij, Dmitri"]
[Black "Bucek, Vit"]
[Result "0-1"]
[WhiteElo "1665"]
[BlackElo "1603"]
[PlyCount "72"]
[EventDate "2024.03.09"]
[EventType "swiss"]
[EventRounds "9"]
[EventCountry "CZE"]
[SourceTitle "CB12_2024"]
[SourceDate "2023.10.01"]
[SourceVersion "1"]
[SourceVersionDate "2023.10.01"]
[SourceQuality "1"]

1. d4 Nf6 2. c4 e6 3. Nc3 d5 4. cxd5 exd5 5. Bg5 c6 6. e3 Bd6 7. Bd3 0-0 8. Qc2 h6 9. Bh4 Re8 10. Nf3 Be6 11. 0-0 Nbd7 12. Rab1 a5 13. a3 Qb8 14. Bg3 Bxg3 15. hxg3 b5 16. b4 axb4 17. axb4 Nb6 18. Ne5 Qd6 19. Rfc1 Nc4 20. Bxc4 dxc4 21. Qb2 Nd5 22. Ne4 Qc7 23. Ra1 f6 24. Nf3 Qe7 25. Rxa8 Rxa8 26. Nc5 c3 27. Qb3 Bf7 28. e4 Nf4 29. Qc2 Ra2 30. gxf4 Rxc2 31. Rxc2 Qa7 32. Kh2 Qa3 33. Nd3 Bc4 34. Nfe1 Bxd3 35. Nxd3 Qb3 36. Re2 Qd1 0-1

[Event "CZE-ch U10"]
[Site "Teplice"]
[Date "2023.11.16"]
[Round "4"]
[White "Vo, Daniel"]
[Black "Bukovskij, Dmitri"]
[Result "0-1"]
[WhiteElo "1349"]
[BlackElo "1355"]
[PlyCount "59"]
[EventDate "2023.11.15"]
[EventType "swiss"]
[EventRounds "9"]
[EventCountry "CZE"]
[SourceTitle "CB47_2023"]
[SourceDate "2023.11.22"]
[SourceVersion "1"]
[SourceVersionDate "2023.11.22"]
[SourceQuality "1"]

1. e4 c5 2. c3 e6 3. Nf3 Nc6 4. d4 cxd4 5. cxd4 Bb4+ 6. Bd2 Qb6 7. Bc3 Nge7 8. Be2 Bxc3+ 9. bxc3 Qb2 10. Nbd2 Qxc3 11. Rc1 Qa5 12. 0-0 0-0 13. Qb3 Nxd4 14. Nxd4 Qxd2 15. Rfd1 Qa5 16. Nb5 Nc6 17. Nd6 Qb6 18. Nxc8 Rfxc8 19. Qd3 Ne5 20. Rxc8+ Rxc8 21. Qg3 d6 22. Kh1 Rc2 23. f4 Rxe2 24. fxe5 d5 25. exd5 exd5 26. Qg4 Rc2 27. Qa4 Qc6 28. Qh4 h6 29. Qf4 d4 30. Qxd4 0-1

[Event "CZE-ch U10"]
[Site "Teplice"]
[Date "2023.11.15"]
[Round "2"]
[White "Hronik, Petr"]
[Black "Bukovskij, Dmitri"]
[Result "0-1"]
[WhiteElo "1000"]
[BlackElo "1355"]
[PlyCount "102"]
[EventDate "2023.11.15"]
[EventType "swiss"]
[EventRounds "9"]
[EventCountry "CZE"]
[SourceTitle "CB47_2023"]
[SourceDate "2023.11.22"]
[SourceVersion "1"]
[SourceVersionDate "2023.11.22"]
[SourceQuality "1"]

1. e4 c5 2. Nf3 e6 3. Nc3 Nc6 4. d4 cxd4 5. Nxd4 Bb4 6. Bd2 Nxd4 7. Nb5 Bxd2+ 8. Qxd2 Nxb5 9. Bxb5 Ne7 10. 0-0 0-0 11. Rad1 Nc6 12. Bxc6 bxc6 13. Qf4 d5 14. c4 Bb7 15. Rfe1 Qf6 16. Qc7 Rab8 17. b3 h6 18. h3 Rfd8 19. e5 Qg5 20. Qa5 a6 21. Qc7 dxc4 22. Rxd8+ Qxd8 23. Qxd8+ Rxd8 24. bxc4 c5 25. Rb1 Be4 26. Re1 Rd4 27. f3 Bd3 28. Rd1 Bxc4 29. Rxd4 cxd4 30. Kf2 Bxa2 31. Ke2 Bc4+ 32. Kd2 Bf1 33. g4 a5 34. h4 a4 35. Kc1 d3 36. f4 a3 37. Kb1 d2 38. Kc2 a2 39. Kxd2 a1Q 40. Kc2 Qa4+ 41. Kc1 Qxf4+ 42. Kb2 Kf8 43. Ka3 Ke7 44. Kb3 Kd7 45. Kc3 Kc6 46. Kb3 Kc5 47. Ka3 Qb4+ 48. Ka2 Bc4+ 49. Ka1 Bd3 50. Ka2 Kc4 51. Ka1 Qa3# 0-1